Culture Générale - Série 2659 - Statistiques

Statistiques générales
  • Ce quiz a été pris 165 fois
  • Le résultat moyen est 4 sur 10
Statistiques - réponses
Question Réponse % Correct
Los Angeles se trouve dans quel état américain ? Californie
95%
Sous quel nom de scène connait-on mieux la chanteuse et comédienne Anne Peichert, née en 1996 à Hénin-Beaumont ? voir photo Louane
54%
Quel animal emblématique de la Suisse est depuis les années 1990 la vedette des publicités de Milka ? marmotte
53%
De quel pays, l'Indonésie a-t-elle obtenu l'indépendance en 1949 ? Pays-Bas
38%
Quel est l’animal national du Canada, qu’on retrouve aussi sur les pièces de 5 cents du dollar canadien ? castor
36%
A qui doit-on "Les Yeux d’Elsa" , recueil de vingt et un poèmes ? prénom et nom Louis Aragon
27%
Dans quelle ville a été tourné le film “Et Dieu... créa la femme” ? Saint-Tropez
26%
Comment appelle-t-on de manière scientifique les moustaches des chats ? vibrisses
22%
Quel est l’équivalent masculin de la gynécologie ? andrologie
20%
Quel était le 1er mari de Brigitte Bardot ? prénom et nom Roger Vadim
17%
Aucun quiz correspondant
Distribution des résultats
% des personnes avec chaque résultat
Percentile par nombre de réponses
Votre historique - résultats
Vous n’avez pas pris ce quiz